[Event "NRW ch 2015"]
[Site "Emsdetten"]
[Date "2015.10.18"]
[Round "7.5"]
[White "Plaßmann, Dominik"]
[Black "Schmücker, Marcus"]
[Result "0-1"]
[WhiteElo "2110"]
[BlackElo "2271"]
[PlyCount "90"]
[EventDate "2015.10.18"]
[WhiteTeam "Gütersloher SV"]
[BlackTeam "SV Hemer"]

1. e4 e6 2. d4 d5 3. Nc3 Bb4 4. e5 c5 5. a3 Bxc3+ 6. bxc3 Qa5 7. Bd2 Qa4 8. Qg4
Kf8 9. Nf3 Nc6 10. Be2 Nge7 11. O-O h6 12. Rac1 c4 13. h4 Qxa3 14. h5 Qa5 15.
Nh4 Kg8 16. Qf3 Nxd4 17. cxd4 Qxd2 18. Rfd1 Qg5 19. g3 Nf5 20. Nxf5 Qxf5 21.
Qa3 Bd7 22. Qe7 Bc6 23. c3 Qg5 24. Qc5 Kh7 25. Ra1 a6 26. Rdb1 Rhc8 27. Qb4 Kg8
28. Ra5 Rf8 29. Qb2 f6 30. exf6 Rxf6 31. Bxc4 Raf8 32. Rf1 Qxh5 33. Be2 Qh3 34.
Qd2 Kh8 35. Qe3 Be8 36. Rc5 Bg6 37. Bd3 Bxd3 38. Qxd3 Rf5 39. f4 Rh5 40. Kf2
Rxf4+ 41. Ke1 Rxf1+ 42. Qxf1 Qxg3+ 43. Kd1 Rf5 44. Rc8+ Kh7 45. Qh1 Qd3+ 0-1

[Event "NRW ch 2015"]
[Site "Emsdetten"]
[Date "2015.10.18"]
[Round "7.6"]
[White "Gelsok, Philipp"]
[Black "Albrecht, Oliver"]
[Result "0-1"]
[WhiteElo "1892"]
[BlackElo "2139"]
[PlyCount "52"]
[EventDate "2015.10.18"]
[WhiteTeam "Bergische SF"]
[BlackTeam "SC Bonn Beuel"]

1. Nf3 Nf6 2. c4 g6 3. Nc3 d5 4. cxd5 Nxd5 5. Qa4+ Bd7 6. Qb3 Nb6 7. Ng5 e6 8.
d4 Bg7 9. d5 exd5 10. Nxd5 O-O 11. Nxb6 axb6 12. e4 Nc6 13. Be3 Qf6 14. O-O-O
Bg4 15. f3 Bc8 16. Rd5 h6 17. h4 Na5 18. Qb4 hxg5 19. Bxg5 Qe6 20. g3 Bd7 21.
Kb1 c5 22. Qd2 Bc6 23. Bh3 Qe8 24. Bh6 Bxd5 25. exd5 Nc4 26. Qc1 Bxh6 0-1

[Event "NRW ch 2015"]
[Site "Emsdetten"]
[Date "2015.10.18"]
[Round "7.7"]
[White "Heinert, Eugen"]
[Black "Haselhorst, Helmut"]
[Result "0-1"]
[WhiteElo "2156"]
[BlackElo "2141"]
[PlyCount "112"]
[EventDate "2015.10.18"]
[WhiteTeam "OSC Rheinhausen"]
[BlackTeam "SC Steinfurt"]

1. d4 Nf6 2. c4 g6 3. Nc3 Bg7 4. e4 d6 5. f4 O-O 6. Nf3 Bg4 7. Be3 Nfd7 8. Be2
Nc6 9. Qd2 e5 10. fxe5 Bxf3 11. Bxf3 dxe5 12. d5 Nd4 13. O-O-O c5 14. Bh6 a6
15. h4 b5 16. h5 Qf6 17. Bg4 Nb6 18. Bxg7 Qxg7 19. h6 Qf6 20. Rdf1 Qd8 21. Kb1
Nxc4 22. Qf2 Qg5 23. Qf6 Qxf6 24. Rxf6 b4 25. Ne2 Nd2+ 26. Kc1 Nxe4 27. Rb6 Nf2
28. Rh4 Nxg4 29. Nxd4 Ne3 30. Nf3 Nxd5 31. Rd6 Ne3 32. Re4 Nf5 33. Rd5 f6 34.
Rxc5 Rfc8 35. Rec4 Rxc5 36. Rxc5 Nxh6 37. Nd2 a5 38. Ne4 Ng4 39. Rc7 h6 40. Kd2
f5 41. Nc5 a4 42. Ne6 g5 43. Rg7+ Kh8 44. Rb7 Re8 45. Nc5 Rd8+ 46. Ke2 a3 47.
Rxb4 Rc8 48. Nb3 Rc2+ 49. Nd2 e4 50. Kd1 Ne3+ 51. Ke2 Nxg2 52. Kd1 Ne3+ 53. Ke2
Nd5 54. Rb8+ Kg7 55. Kd1 Ne3+ 56. Ke2 Nc4 0-1

[Event "NRW ch 2015"]
[Site "Emsdetten"]
[Date "2015.10.18"]
[Round "7.8"]
[White "Lamby, Philipp"]
[Black "Rott, Georg"]
[Result "1-0"]
[WhiteElo "2195"]
[BlackElo "2168"]
[PlyCount "33"]
[EventDate "2015.10.18"]
[WhiteTeam "Aachener SV"]
[BlackTeam "SK Münster"]

1. d4 d5 2. c4 c6 3. Nc3 dxc4 4. e3 e5 5. Bxc4 exd4 6. exd4 Nf6 7. Nf3 Be7 8.
O-O O-O 9. Ne5 Nbd7 10. Bg5 Nb6 11. Bb3 Bf5 12. Qf3 Qc8 13. Rfe1 Bd8 14. Rac1
Nfd5 15. Bxd8 Rxd8 16. Nxf7 Bg4 17. Nxd8 1-0